00808nam a2200205 a 450000100100000000500170001000800410002702000160006804000250008408200150010910000490012424501070017326000750028030000270035549000180038270000470040083000250044795201130047299900170058500004214720201002035953.0131114s1999 pr a 000 0 spa d z08655815135 aDO-SdBNPbspacBNPHU axxxbT693c1 aTorres Santiago, José Manueld1940-93850610aCanciones del amor y la delicia /cJosé Manuel Torres Santiago ; edición V. Rodríguez Nietzsche. aSan Juan, Puerto Rico :bInstituto Culturales Puertorriqueña,c1999. a68 p. :bil. ;c22 cm.1 aEspada y flor12aRodríguez Nietzsche, Vicenteeed.956084 0aEspada y flor914204 001050718MOaGRbGRcCTd2013-11-14iLF1l0oxxx T693cp42147-10r2020-06-25w2020-06-25y1ZNo se presta c41636d41636